[Event "Let's Play Chess!"]
[Site "http://www.queenalice.com/game.php?id=1320364"]
[Date "2014.11.4"]
[Round "-"]
[White "severinovic"]
[Black "JamesBrown"]
[Result "1-0"]
[WhiteElo "1696"]
[BlackElo "1551"]

1. e4 e5 2. Nf3 Nc6 3. Bc4 Nf6 4. d3 Be7 5. Nc3 Bb4 6. Bd2 Nd4 7. Nb5 Bc5 8.
Nbxd4 exd4 9. Bg5 h6 10. Bf4 Nh5 11. Bd2 c6 12. e5 O-O 13. b4 Bb6 14. b5 cxb5
15. Bxb5 a6 16. Bc4 d6 17. O-O d5 18. Bb3 Bf5 19. Bb4 Re8 20. c3 Nf4 21. Nxd4
Bxd3 22. Re1 Be4 23. f3 Bd3 24. Kh1 Qg5 25. g3 Nh3 26. Kg2 Nf4+ 27. Kf2 Ne6 28.
Qxd3 a5 29. Ba3 f6 30. Bxd5 Bxd4+ 31. cxd4 Rad8 32. Qc4 b5 33. Bxe6+ Rxe6 34.
Qxe6+ Kh7 35. Bb2 Qd2+ 36. Re2 Qb4 37. exf6 gxf6 38. Qe7+ Kg6 39. Qxd8 Qc4 40.
d5 Qc5+ 41. Kg2 Qc4 42. Qxf6+ 1-0

[Event "Challenge"]
[Site "http://www.queenalice.com/game.php?id=1321825"]
[Date "2014.11.12"]
[Round "-"]
[White "JamesBrown"]
[Black "jamesxirb"]
[Result "1-0"]
[WhiteElo "1527"]
[BlackElo "1454"]

1. e4 e5 2. Bc4 f6 3. d4 d6 4. Nc3 c6 5. d5 b5 6. Bb3 b4 7. Nce2 c5 8. f4 a5 9.
Ba4+ Bd7 10. c3 f5 11. cxb4 axb4 12. b3 g6 13. fxe5 dxe5 14. Nf3 Bd6 15. Ng5 Be7
16. Ne6 Qc8 17. d6 Bf6 18. Nc7+ Kd8 19. Nxa8 Bxa4 20. bxa4 f4 21. Nb6 Bh4+ 22.
g3 Qh3 23. gxh4 Qg2 24. Rg1 Qxh2 25. Qd5 f3 26. Bg5+ Ke8 27. d7+ Nxd7 28. Qxd7+
Kf8 29. Qc8+ Kg7 30. O-O-O Qxe2 31. Rd7+ Ne7 32. Rxe7# 1-0

[Event "Challenge"]
[Site "http://www.queenalice.com/game.php?id=1322988"]
[Date "2014.11.18"]
[Round "-"]
[White "JamesBrown"]
[Black "JRic"]
[Result "1-0"]
[WhiteElo "1551"]
[BlackElo "1675"]

1. e4 e5 2. Nf3 d6 3. d4 Nc6 4. Bb5 Bg4 5. dxe5 Qe7 6. Qd5 Be6 7. Bxc6+ Kd8 8.
exd6 Bxd5 9. dxe7+ Bxe7 10. Bxd5 Nf6 11. Bxb7 Rb8 12. Ne5 Rxb7 13. Nxf7+ Ke8 14.
Nxh8 Bd6 15. Nd2 Nd7 16. Nc4 Rb8 17. Bg5 Nc5 18. Nxd6+ cxd6 19. O-O-O Nxe4 20.
Rhe1 Kf8 21. Rxe4 Kg8 22. Rde1 h6 23. Re8+ Rxe8 24. Rxe8+ Kh7 25. Be3 1-0

[Event "AUTO-INT-2926"]
[Site "http://www.queenalice.com/game.php?id=1323813"]
[Date "2014.11.23"]
[Round "1"]
[White "twiddledeedum"]
[Black "JamesBrown"]
[Result "1-0"]
[WhiteElo "1710"]
[BlackElo "1562"]

1. e4 e5 2. Nf3 Nc6 3. d4 f6 4. dxe5 fxe5 5. Bb5 a6 6. Bxc6 bxc6 7. O-O Nf6 8.
Bg5 h6 9. Bh4 g5 10. Bg3 Nxe4 11. Bxe5 Rh7 12. Re1 d6 13. Rxe4 dxe5 14. Qxd8+
Kxd8 15. Rxe5 Re7 16. Nc3 Rxe5 17. Nxe5 Bc5 18. Nxc6+ Kd7 19. Ne5+ Ke6 20. Re1
Bd4 21. Ng4+ Kf5 22. Nxh6+ Kg6 23. Ng8 Bb7 24. Ne7+ Kf7 25. Nf5 Bc5 26. Nh6+ Kg6
27. Ng4 Kf5 28. Ne3+ Bxe3 29. Rxe3 c5 30. Ne2 Rd8 31. Ng3+ Kf4 32. Ne2+ Kg4 33.
h3+ Kh4 34. Re7 Rd1+ 35. Kh2 Rd2 36. Rh7# 1-0

[Event "AUTO-INT-2926"]
[Site "http://www.queenalice.com/game.php?id=1323814"]
[Date "2014.11.23"]
[Round "1"]
[White "JamesBrown"]
[Black "twiddledeedum"]
[Result "0-1"]
[WhiteElo "1575"]
[BlackElo "1656"]

1. e4 e5 2. Bc4 Nf6 3. Nc3 Bb4 4. a3 Bxc3 5. dxc3 Nxe4 6. Nf3 Nc6 7. Ng5 Nxg5 8.
Qg4 h6 9. Bxg5 Qxg5 10. Qxg5 hxg5 11. O-O-O d6 12. h3 Na5 13. Bd3 f5 14. Bb5+ c6
15. Be2 d5 16. b4 Nc4 17. Bxc4 dxc4 18. Rhe1 e4 19. f3 O-O 20. fxe4 fxe4 21.
Rxe4 b5 22. Re5 g4 23. h4 a5 24. a4 bxa4 25. bxa5 Rf6 26. Rd8+ Rf8 27. Ree8 Rxe8
28. Rxe8+ Kh7 29. Re4 Rxa5 30. Rxc4 Bd7 31. Rf4 a3 0-1

[Event "AUTO-INT-2926"]
[Site "http://www.queenalice.com/game.php?id=1323827"]
[Date "2014.11.23"]
[Round "1"]
[White "JamesBrown"]
[Black "Profnabor"]
[Result "0-1"]
[WhiteElo "1551"]
[BlackElo "1780"]

1. e4 e5 2. Nf3 Nc6 3. Bc4 Nf6 4. Ng5 d5 5. exd5 Nxd5 6. Nc3 Qxg5 7. O-O Nxc3 8.
bxc3 Bc5 9. d4 Qh4 10. Qf3 O-O 11. Bd5 exd4 12. Bf4 dxc3 13. Rae1 Nd4 14. Qe3
Nxc2 15. Qxc5 Nxe1 16. Qxc7 Nd3 17. g3 Qg4 18. Bd6 Qd7 19. Qxc3 Qxd6 20. Qxd3
Be6 21. Qb5 Qxd5 22. Qe2 Rad8 23. Rd1 Qxd1+ 24. Qxd1 Rxd1+ 0-1

[Event "AUTO-INT-2926"]
[Site "http://www.queenalice.com/game.php?id=1323828"]
[Date "2014.11.23"]
[Round "1"]
[White "Profnabor"]
[Black "JamesBrown"]
[Result "1-0"]
[WhiteElo "1816"]
[BlackElo "1575"]

1. e4 e5 2. Nf3 Nc6 3. Bb5 a6 4. Bxc6 bxc6 5. O-O Nf6 6. Nc3 Bc5 7. d4 Bb4 8.
Bg5 h6 9. Bh4 g5 10. Bg3 O-O 11. Bxe5 Ng4 12. Bg3 d5 13. e5 Bf5 14. h3 Nxf2 15.
Bxf2 f6 16. exf6 Qxf6 17. Ne5 Qd6 18. Bg3 c5 19. dxc5 Qxc5+ 20. Kh1 Rad8 21. Qh5
Qe3 22. Rf3 Qd2 23. Rxf5 Rxf5 24. Qg6+ Kf8 25. Qxf5+ Ke7 26. Qf7+ Kd6 27. Nc4+
Kc5 28. Qxc7+ Kd4 29. Be5# 1-0

[Event "AUTO-INT-2926"]
[Site "http://www.queenalice.com/game.php?id=1323829"]
[Date "2014.11.23"]
[Round "1"]
[White "JamesBrown"]
[Black "NickThorp"]
[Result "0-1"]
[WhiteElo "1461"]
[BlackElo "1600"]

1. e4 e5 2. Nf3 Nc6 3. d4 exd4 4. Nxd4 Nxd4 5. Qxd4 d6 6. Bc4 h6 7. O-O Nf6 8.
Nc3 Be6 9. b3 Bxc4 10. bxc4 Be7 11. Nd5 Nxd5 12. Qxg7 Bf6 13. Qg4 h5 14. Qf5
Bxa1 15. Bg5 Bf6 16. Bxf6 Nxf6 17. Qb5+ Qd7 18. Qxb7 Ke7 19. h3 Rhb8 20. Qa6 Rb6
21. Qa3 Nxe4 22. Re1 Kf8 23. Rxe4 c5 24. Qg3 Qf5 25. Rf4 Qxc2 26. Qh4 Qd1+ 27.
Kh2 Re8 28. Qf6 Rb7 29. Qh6+ Ke7 30. Re4+ Kd7 31. Qf4 Rxe4 32. Qxe4 Qd4 0-1

[Event "AUTO-INT-2926"]
[Site "http://www.queenalice.com/game.php?id=1323830"]
[Date "2014.11.23"]
[Round "1"]
[White "NickThorp"]
[Black "JamesBrown"]
[Result "1-0"]
[WhiteElo "1589"]
[BlackElo "1472"]

1. e4 e5 2. Nf3 Nc6 3. Bb5 Nf6 4. Nc3 a6 5. Ba4 b5 6. Bb3 Bc5 7. O-O h6 8. d3
O-O 9. Bd5 Nxd5 10. Nxd5 Nd4 11. Nxd4 Bxd4 12. c3 Bc5 13. b4 Ba7 14. Be3 Bxe3
15. Nxe3 c5 16. bxc5 Qa5 17. Qb3 d6 18. cxd6 Be6 19. Qc2 Rac8 20. Rfc1 Qd8 21.
a4 Qb6 22. a5 Qxd6 23. c4 bxc4 24. dxc4 Bxc4 25. Nxc4 Qd4 26. Qc3 Qxe4 27. Qxe5
Qxe5 28. Nxe5 Rxc1+ 29. Rxc1 Re8 30. Nf3 Re6 31. Rc8+ Kh7 32. h3 g5 33. g4 1-0

[Event "Challenge"]
[Site "http://www.queenalice.com/game.php?id=1324163"]
[Date "2014.11.25"]
[Round "-"]
[White "jamesxirb"]
[Black "JamesBrown"]
[Result "0-1"]
[WhiteElo "1446"]
[BlackElo "1539"]

1. e4 e5 2. d4 Nc6 3. d5 Nd4 4. g3 Bc5 5. c3 Nb5 6. a4 Nd6 7. b4 Bb6 8. a5 Bxf2+
9. Kxf2 Nxe4+ 10. Ke1 d6 11. Bd3 Ngf6 12. Qf3 Bg4 13. Qe3 O-O 14. Bxe4 Nxe4 15.
Qxe4 f5 16. Qe3 Qd7 17. h3 Bh5 18. c4 c6 19. Nc3 c5 20. bxc5 f4 21. Qe4 fxg3 22.
c6 bxc6 23. dxc6 Qf7 24. Qd3 Qf2# 0-1

[Event "Challenge"]
[Site "http://www.queenalice.com/game.php?id=1324164"]
[Date "2014.11.25"]
[Round "-"]
[White "JamesBrown"]
[Black "jamesxirb"]
[Result "1-0"]
[WhiteElo "1526"]
[BlackElo "1459"]

1. e4 e5 2. Nf3 f6 3. d4 d5 4. dxe5 dxe4 5. Nd4 c5 6. Nb5 a6 7. Nd6+ Ke7 8. Bc4
Nh6 9. Nxe4 Ke8 10. exf6 gxf6 11. Qh5+ Kd7 12. Nxc5+ Kc7 13. Bxh6 Qe7+ 14. Kf1
b6 15. Bf4+ Kc6 16. Qd5# 1-0

[Event "Karl Marx."]
[Site "http://www.queenalice.com/game.php?id=1324333"]
[Date "2014.11.26"]
[Round "2"]
[White "JamesBrown"]
[Black "amgoncal"]
[Result "1-0"]
[WhiteElo "1572"]
[BlackElo "1240"]

1. e4 e5 2. Bc4 a6 3. d4 Nc6 4. Nf3 b5 5. Bd5 Bb7 6. dxe5 d6 7. e6 Ne5 8. Bxb7
Ra7 9. Bd5 f6 10. Nd4 c6 11. Nxc6 Nxc6 12. Bxc6+ Ke7 13. Qg4 Nh6 14. Qh3 Rc7 15.
Bd5 Qc8 16. c3 g5 17. O-O g4 18. Qh4 Bg7 19. Bxh6 Rg8 20. Bxg7 Rxg7 21. Qh6 Qg8
22. Nd2 Rg6 23. Qh5 h6 24. f3 g3 25. hxg3 f5 26. Qxf5 Rf6 27. Qh3 Rg6 28. Qf5
Rg7 29. e5 dxe5 30. Ne4 Qf8 31. Qxe5 Kd8 32. Qd6+ Qxd6 33. Nxd6 Rg5 34. Nf7+ Ke7
35. Nxg5 hxg5 36. Rae1 Kd6 37. Rd1 a5 38. Bb3+ Ke7 39. Rfe1 1-0

[Event "Challenge"]
[Site "http://www.queenalice.com/game.php?id=1325280"]
[Date "2014.11.30"]
[Round "-"]
[White "JamesBrown"]
[Black "jamesxirb"]
[Result "0-1"]
[WhiteElo "1548"]
[BlackElo "1431"]

1. e4 e5 2. Nf3 f6 3. d4 d5 4. Nc3 c6 5. exd5 cxd5 6. dxe5 Bb4 7. a3 Bxc3+ 8.
bxc3 fxe5 9. Nxe5 Qe7 10. Qxd5 Nf6 11. Qb5+ Nc6 12. f4 O-O 13. Bc4+ Kh8 14. O-O
Ne4 15. Nxc6 Qc7 16. Bd5 Nxc3 17. Qc5 Ne2+ 18. Kh1 Bd7 19. Qe7 Rae8 20. Qg5 bxc6
21. Bc4 h6 22. Qh5 Rf5 23. Qg6 Rf6 24. Qh5 Nxf4 25. Bxf4 Rxf4 26. Rxf4 Qxf4 27.
Bf7 Re5 28. Qg6 Rg5 29. Qd6 Qxf7 30. Qb8+ Be8 31. Kg1 Qg6 32. g3 Qf7 33. Rf1 Qe7
34. h4 Qe3+ 35. Rf2 Rxg3+ 36. Kf1 Qc1+ 37. Ke2 Qe3+ 38. Kf1 Qc1+ 39. Ke2 Re3#
0-1

[Event "Let's Play Chess!"]
[Site "http://www.queenalice.com/game.php?id=1325938"]
[Date "2014.12.3"]
[Round "-"]
[White "JamesBrown"]
[Black "Taurus"]
[Result "0-1"]
[WhiteElo "1550"]
[BlackElo "2117"]

1. e4 c5 2. c3 e5 3. Nf3 Nc6 4. Bc4 Nf6 5. O-O d6 6. h3 Be7 7. Ng5 d5 8. exd5
Nxd5 9. Ne4 O-O 10. d3 Kh8 11. Be3 b6 12. Na3 f5 13. Ng5 Nxe3 14. Qh5 Bxg5 15.
fxe3 Bxe3+ 16. Kh2 Rf6 17. Qf3 Bf4+ 18. Kh1 Qc7 19. Nb5 Qd7 20. Bd5 Bb7 21. d4
a6 22. Na3 Nxd4 23. cxd4 Bxd5 24. Qh5 Rh6 25. Qe2 Rxh3+ 26. Kg1 Rg3 27. Rf3 Bxf3
28. Qxf3 Rxf3 29. gxf3 Qxd4+ 30. Kg2 Qxb2+ 31. Kf1 Be3 32. Re1 Qf2# 0-1

[Event "Let's Play Chess!"]
[Site "http://www.queenalice.com/game.php?id=1325939"]
[Date "2014.12.3"]
[Round "-"]
[White "josebaron"]
[Black "JamesBrown"]
[Result "1-0"]
[WhiteElo "1994"]
[BlackElo "1552"]

1. e4 e5 2. Bc4 Nf6 3. Nc3 Nc6 4. d3 Bc5 5. Nf3 Ng4 6. O-O d6 7. h3 Nxf2 8. Rxf2
Bxf2+ 9. Kxf2 Qf6 10. Nd5 Qg6 11. Nxc7+ Ke7 12. Nxa8 Be6 13. Bxe6 Rxa8 14. Bd5
Nd4 15. c3 Nxf3 16. Qxf3 h6 17. Kg1 Rc8 18. Bxb7 Rc5 19. Bd5 f5 20. exf5 Qf6 21.
c4 Ra5 22. b4 Ra4 23. a3 a5 24. Bc6 1-0